Catálogo
 En Linea

Salvador da Bahia de todos os santos no século xix / (Registro nro. 37135)

Detalles MARC
000 -CABECERA
campo de control de longitud fija 00746nam a2200193 a 4500
001 - NÚMERO DE CONTROL
campo de control 000037645
005 - FECHA Y HORA DE LA ÚLTIMA TRANSACCIÓN
campo de control 20201002031110.0
008 - DATOS DE LONGITUD FIJA--INFORMACIÓN GENERAL
campo de control de longitud fija 121023s1996 bl a 000 0 spa d
020 ## - NÚMERO INTERNACIONAL ESTÁNDAR DEL LIBRO
Número Internacional Estándar del Libro 8585023643
041 17 - CÓDIGO DE LENGUA
Código de lengua del texto/banda sonora o título independiente eng
Fuente del código Portuguese.
040 ## - FUENTE DE LA CATALOGACIÓN
Centro catalogador/agencia de origen DO-SdBNP
245 00 - MENCIÓN DE TÍTULO
Título Salvador da Bahia de todos os santos no século xix /
Mención de responsabilidad, etc. c pintura documental, Diógenes Rebouças ; notícias e notas, Godofredo Filho ; apresentaçáo, Pedro Calmon ; introduçáo, Thales de Azevedo.
260 ## - PUBLICACIÓN, DISTRIBUCIÓN, ETC.
Lugar de publicación, distribución, etc. Salvador, Bahía :
Nombre del editor, distribuidor, etc. Odebrecht,
Fecha de publicación, distribución, etc. 1996.
300 ## - DESCRIPCIÓN FÍSICA
Extensión 244 p. :
Otras características físicas il. ;
Dimensiones 26 x 31 cm.
500 ## - NOTA GENERAL
Nota general Inglés y portugues
504 ## - NOTA DE BIBLIOGRAFÍA, ETC.
Nota de bibliografía, etc. Bibliografía: p. 243-244.
700 1# - PUNTO DE ACCESO ADICIONAL--NOMBRE DE PERSONA
Nombre de persona Rebouças, Diógenes,
Fechas asociadas al nombre Godofredo Filho
9 (RLIN) 64119
700 1# - PUNTO DE ACCESO ADICIONAL--NOMBRE DE PERSONA
Nombre de persona Godofredo Filho
Fechas asociadas al nombre 1914-
9 (RLIN) 64120
Existencias
Estado de retiro Estado de pérdida Restricciones de uso No para préstamo Código de colección Localización permanente Ubicación/localización actual Ubicación en estantería Fecha de adquisición Número de inventario Total de préstamos Signatura topográfica completa Código de barras Fecha visto por última vez Precio válido a partir de Tipo de ítem Koha
        Monografías: Libros y Folletos General General Orden iniciada 23.10.2012 LF1   37645-10 25.06.2020 25.06.2020 No se presta

Con tecnología Koha